01375nam a2200337Ia 4500001001200000003000800012006001900020007001500039008004100054010001700095020002800112020001800140040002100158035002100179050003000200100002000230245015100250260004900401300002600450504006400476533015200540650003200692650003400724650003000758650003800788655002900826700002400855710001700879856012600896999001501022ebr10279377CaPaEBRm u cr cn|||||||||980505s1998 nyua sb 001 0 eng d z 98019114  z0195122011 (alk. paper) z9780195122015 aCaPaEBRcCaPaEBR a(OCoLC)25261992514aHD9696.2.E182bD43 1998eb1 aDedrick, Jason.10aAsia's computer challengeh[electronic resource] :bthreat or opportunity for the United States & the world? /cJason Dedrick, Kenneth L. Kraemer. aNew York :bOxford University Press,cc1998. axviii, 364 p. :bill. aIncludes bibliographical references (p. 343-351) and index. aElectronic reproduction.bPalo Alto, Calif. :cebrary,d2009.nAvailable via World Wide Web.nAccess may be limited to ebrary affiliated libraries. 0aCompetition, International. 0aComputer industryzEast Asia. 0aComputer industryzJapan. 0aComputer industryzUnited States. 7aElectronic books.2local1 aKraemer, Kenneth L.2 aebrary, Inc.40uhttp://site.ebrary.com/lib/rucke/Doc?id=10279377zAn electronic book accessible through the World Wide Web; click to view c3931d3931